00425nam a2200121Ia 4500008004100000082001100041245006000052250000600112260005700118300000800175630006000183730006000243090124s9999 xx 000 0 und d b304930 a" काही वाटा, किती वळणं" a1 bराजाध्यक्ष विजयाc2004 a248 a" काही वाटा, किती वळणं" a" काही वाटा, किती वळणं"